header

Fatigue and durability of metals at high temperatures (Record no. 60882)

MARC details
000 -LEADER
fixed length control field 01180nam a2200301Ia 4500
100 1# - MAIN ENTRY--AUTHOR NAME
Personal name Manson, S. S.
245 10 - TITLE STATEMENT
Title Fatigue and durability of metals at high temperatures
260 ## - PUBLICATION, DISTRIBUTION, ETC. (IMPRINT)
Place of publication Materials Park, OH :
Name of publisher ASM International,
Year of publication 2009.
300 ## - PHYSICAL DESCRIPTION
Number of Pages x, 265 p. :
Other physical details ill.
650 #0 - SUBJECT ADDED ENTRY--TOPICAL TERM
Topical Term Metals
Topical Term Metals
700 1# - ADDED ENTRY--PERSONAL NAME
Personal name Halford, Gary R.
856 40 - ELECTRONIC LOCATION AND ACCESS
Uniform Resource Identifier http://site.ebrary.com/lib/rucke/Doc?id=10320385

No items available.

© 2026 Rongo University
Contact us: librarian | system librarian | Rongo university